000 01329pab a2200181 454500
008 180718b2007 xxu||||| |||| 00| 0 eng d
100 _aSen, Kunal
245 _aWhy did the elephant sta4rt to trot? India's growth acceleration re-examined
260 _c2007
300 _ap.37-47.
362 _a27 Oct
520 _aIt is commonly believed that India's growth acceleration has been mainly due to a change in the state's attitudes towards business in the early 1980s and not so much because of changes in economic policies. This paper re-examines this argument and shows, first, that the turnaround in growth took place earlier in the late 1970s. It also shows that growth has been mostly driven by the rate of private equipment investment (which increased in the mid-1970s), and that this in turn has been driven by financial deepening, public fixed investment and the relative price of equipment investment. The paper concludes that the effect of the attitudinal shift of the state towards the private sector on growth was of the second order, and if it did have an effect, it was through changes in economic policies, rather than independently of the latter. - Reproduced.
650 _aEconomic growth - India
650 _aEconomic growth
773 _aEconomic and Political Weekly
908 _aN
909 _a76469
999 _c76469
_d76469